Normal view
MARC view
Entry Corporate Name
001 - CONTROL NUMBER
- control field: 242517
003 - CONTROL NUMBER IDENTIFIER
- control field: OSt
005 - DATE AND TIME OF LATEST TRANSACTION
- control field: 20251018123006.0
008 - FIXED-LENGTH DATA ELEMENTS
- fixed length control field: 251018|| aca||aabn | a|a d
040 ## - CATALOGING SOURCE
- Original cataloging agency: OSt
- Transcribing agency: OSt
110 ## - HEADING--CORPORATE NAME
- Corporate name or jurisdiction name as entry element: ಕ್ಷಮ ಎಸ್
670 ## - SOURCE DATA FOUND
- Source citation: Work cat.: (OSt)142192: Nirmala G V 242504, Ganaka lokadolage ondu payana : M S office mattu nudi, 2010